00910nam a2200229 a 4500001001000000003000500010005001700015008004100032010001100073011001100084040000900095100003800104245018500142260004200327500006000369502009400429650002200523650002900545650002300574650001300597856007000610000108547CHAP20220817044603.0140224s1990 mx a sm |||||||spa d a105009 a105981 cCHAP1 aGuerra Limón, Guillermo César10aAnálisis de algunas estrategias para la estimación del indice de sitio en rodales puros coetaneos de Pinus engelmannii carrh[En línea]cpor Guillermo César Guerra Limón. aChapingo, Méx. :bEl autor.,c1990. aPara ver el contenido del material haga clic en la liga aTesis (Ing. Agr. Esp. en Bosques) -- UACH. Departamento División de Ciencias Forestales14aBosquesxDurango.14aBosquesxPreservación.14aPinus engelmannii.14aRodales. aFinding aiduhttp://10.13.5.2/tesis/sist108547.pdfzTeclea aquí